Представление документа в формате RUSMARC

ПолеНазваниеЗначение
  Тип записи a
  Библиографический уровень a
001 Контрольный номер RU/CBS_UL/BASE/366cac7d20f8490ebd495cf3ffdfaf32
005 Дата корректировки 20260314174826.6
100 Данные общей обработки __
a Данные общей обработки 20260314 ||| 0rusy0189 ca
101 Язык документа 0_
a Язык текста rus
102 Страна публикации __
a Страна публикации RU
200 Заглавие и сведения об ответственности 1_
a Заглавие "Вы - русская Одри Хепберн! Вам нужно сниматься в Голливуде", - говорили Людмиле Марченко
e Сведения, относящиеся к заглавию [о своей сестре, актрисе Л. Марченко рассказывает Г. Дорожкова]
f Первые сведения об ответственности Г. Дорожкова
g Последующие сведения об ответственности запис. А. Пахомова
300 Общие примечания __
a Общие примечания 16+
461 Уровень набора _0
1 2000
a Коллекция КАРАВАН историй
463 Уровень физической единицы _0
1 2000
a № 2
v С. 178-191 : фот.
1 2101
d 2026
1 001RU/CBS_UL/BASE/4b57544511c64a99a62a9e038f0e7ace
600 Персоналии _1
a Персоналии (Фамилия) Марченко
b Персоналии (Имя, инициалы) Л.В.
606 Тематические рубрики 0_
a Основная рубрика Марченко, Людмила Васильевна (1940-1997)
610 Ключевые слова 0_
a Ключевые слова актрисы, советские актрисы, актрисы театра и кино
686 Индексы других классификаций __
2 Код системы rubbk
a Классификационный индекс 85.374(2)
700 Автор _1
a Фамилия Дорожкова
b Имя (инициалы) Г.
801 Источник записи _0
a Страна RU
b Организация МБУК ЦБС г. Ульяновска
c Дата составления 20260314
g Правила каталогизации RCR
801 Источник записи _1
a Страна RU
b Организация МБУК ЦБС г. Ульяновска
c Дата составления 20260314
g Правила каталогизации RCR
901 Тип документа __
t Тип документа b
w Контрольный № источника RU/CBS_UL/BASE/4b57544511c64a99a62a9e038f0e7ace
909 Создатель записи __
a Создатель записи lib1